000 00229nam a22000977a 4500
999 _c16248
_d16248
003 OSt
008 200626b ||||| |||| 00| 0 eng d
100 _aK M Gopi
_94646
245 _aലൈബ്രറി സയൻസ്
942 _cBK